00226nam a2200085Ia 4500001000800000005001700008008004100025245004500066260002900111125042820251031150856.0251031s9999 xx 000 0 und d 0cJOSE SARAMAGOaG-1 PORTEKİZ'E YOLCULUK bKIRMIZI KEDİ YAYINLARI